Đối thoại - phép thử đạo lí Dharma trong sử thi Ấn Độ/

Uloženo v:
Podrobná bibliografie
Hlavní autor: Nguyễn Thị Tuyết Thu
Médium: Článek
Jazyk:Vietnamese
Témata:
Tagy: Přidat tag
Žádné tagy, Buďte první, kdo otaguje tento záznam!
Thư viện lưu trữ: Thư viện Trường Đại học Đà Lạt
LEADER 00882nam a2200325 4500
001 DLU090103478
005 ##20071231
040 # # |a DLU  |b vie 
041 # # |a vie 
044 # # |a vn 
100 # # |a Nguyễn Thị Tuyết Thu 
245 # # |a Đối thoại - phép thử đạo lí Dharma trong sử thi Ấn Độ/  |c Nguyễn Thị Tuyết Thu 
653 # # |a Đạo lý Dharma 
653 # # |a Đối thoại 
653 # # |a Ấn Độ 
653 # # |a Mahabharata 
653 # # |a Sử thi 
773 # # |t Văn hóa dân gian  |g Số 3(311), tr.77-80 
920 # # |a Phòng Tạp chí -- Trung tâm Thông tin - Thư viện Trường Đại học Đà Lạt 
933 # # |a DP 
933 # # |a NV 
933 # # |a VN 
994 # # |a DLU 
900 # # |a True 
911 # # |a Nguyễn Thị Minh Cầm 
925 # # |a G 
926 # # |a A 
927 # # |a BB 
980 # # |a Thư viện Trường Đại học Đà Lạt